| 000 | 00969cam0a220025300 4500 | ||
|---|---|---|---|
| 001 | tmp15682801 | ||
| 003 | UPRA | ||
| 005 | 20190826090354.0 | ||
| 008 | 951003s1973 dcu eng u | ||
| 035 | _a(Sirsi) r59278 | ||
| 035 | _a(UPRA)tmp15682801 | ||
| 040 | _cUPRA | ||
| 100 | 1 |
_aBranch, Benjamin N. _6A18607.1 |
|
| 245 | 1 | 0 | _aPhysician's manual. |
| 246 | 3 | _aPhysiciants manual | |
| 250 |
_a2nd ed. / standard medical procedures by Benjamin N. Branch, Jane E. Hodgson and E. James Lieberman. _b2nd ed. / standard medical procedures by Benjamin N. Branch, Jane E. Hodgson and E. James Lieberman. |
||
| 260 |
_aWashington, DC : _bPreterm, _c1973. |
||
| 650 | 0 |
_aMedicine -- Handbooks, manuals, etc. _xMedicine -- Handbooks, manuals, etc. _6S146.2 |
|
| 700 | 1 |
_aHodgeson, Jane E. _6A18608.1 |
|
| 700 | 1 |
_aLieberman. _6A18609.1 |
|
| 949 |
_aR119 _wlcc _mMAIN _tBOOK _lON-SHELF |
||
| 004 | 59278 | ||
| 987 |
_aHoldings : use? _bonly copy on card is marked missing. |
||
| 999 |
_c159021 _d159021 |
||